Fundamentos de Química (Registro nro. 6114)
[ vista simple ]
| 000 -Cabecera | |
|---|---|
| Campo de control de longitud fija | 01097ata a2200469 4500 |
| 005 - Fecha y hora de la última transacción | |
| Campo de control | 20251128183834.0 |
| 008 - Elementos de longitud fija--Información general | |
| Campo de control de longitud fija | 150602b2003 xxu||||| |||| 00| 0 spa d |
| 020 ## - International Standard Book Number | |
| Número Internacional Estándar del Libro (ISBN) | 9702602815 |
| 041 ## - Idioma | |
| Código de idioma | Español |
| 082 ## - Clasificación Decimal Dewey | |
| Número de clasificación | 540 B963f4 |
| 100 ## - Entrada principal--Autor personal | |
| Nombre personal | Burns, Ralph A. |
| 245 ## - Título propiamente dicho | |
| Título | Fundamentos de Química |
| 250 ## - Edición | |
| Mención de edición | 4 edición |
| 260 ## - Pie de imprenta | |
| Lugar de publicación, distribución, etc. | México |
| 260 ## - Pie de imprenta | |
| Nombre del editor, distribuidor, etc. | Pearson Educación |
| 260 ## - Pie de imprenta | |
| Fecha de publicación, distribución, etc. | 2003 |
| 300 ## - Descripción física | |
| Extensión | 784 páginas |
| 490 ## - Serie | |
| Título de la Serie | Gestión de Calidad |
| 490 ## - Serie | |
| Título de la Serie | Mecánica Dental |
| 490 ## - Serie | |
| Título de la Serie | Electrónica |
| 650 ## - Materia general | |
| Temática (materia general) | QUÍMICA |
| 650 ## - Materia general | |
| Temática (materia general) | QUÍMICA ORGÁNICA |
| 650 ## - Materia general | |
| Temática (materia general) | BIOQUÍMICA |
| 650 ## - Materia general | |
| Temática (materia general) | ÁTOMOS |
| 650 ## - Materia general | |
| Temática (materia general) | MATERIA |
| 650 ## - Materia general | |
| Temática (materia general) | ENERGÍA |
| 650 ## - Materia general | |
| Temática (materia general) | GASES |
| 650 ## - Materia general | |
| Temática (materia general) | ESTRUCTURA ATÓMICA |
| 650 ## - Materia general | |
| Temática (materia general) | ENLACES QUÍMICOS |
| 650 ## - Materia general | |
| Temática (materia general) | REACCIONES QUÍMICAS |
| 650 ## - Materia general | |
| Temática (materia general) | LÍQUIDOS |
| 650 ## - Materia general | |
| Temática (materia general) | SÓLIDOS |
| 650 ## - Materia general | |
| Temática (materia general) | SOLUCIONES |
| 650 ## - Materia general | |
| Temática (materia general) | QUÍMICA NUCLEAR |
| 650 ## - Materia general | |
| Temática (materia general) | CAPA DE OZONO |
| 650 ## - Materia general | |
| Temática (materia general) | ESTEQUIOMETRÍA |
| 650 ## - Materia general | |
| Temática (materia general) | INGENIERÍA GENÉTICA |
| 942 ## - Punto de acceso adicional KOHA | |
| Tipo de ítem KOHA | Libro |
| Fuente del sistema de clasificación o colocación | Dewey Decimal Classification |
| Signatura completa | Código de barras | Programa Académico | Tipo de ítem |
|---|---|---|---|
| 540 B963f | 9865 | Libro |